Statistics for Guess the nba player by clues

Click here to take the quiz!

General Stats

  • This quiz has been taken 1,501 times
  • The average score is 10 of 20

Answer Stats

CluesAnswer% Correct
23Lebron James
93%
The BEARDJames harden
83%
D.A.M.E TIMEDamian lillard
81%
ray allen # 2steph curry
71%
Boogiedemarcus cousins
68%
“Bro what” “what are you talking about man”Russell Westbrook
66%
2021 all star mvpGiannis Antetokounmpo
62%
the fun guyKawhi Leonard
61%
nets coachSteve nash
57%
jack Harlow made a song on HimTyler herro
56%
Zach LaVine robbed in dunk contestArron Gordon
53%
beef with tj warrenjimmy butler
42%
40 years oldudonis haslem
38%
2010 mvpDerrick rose
35%
Khloe Kardasians baby daddyTristian Thompson
34%
Was once teammates with Russell WestbrookPaul George
24%
3 nba ringsDanny green
23%
can’t choose to stay with a teamKyrie Irving
16%
Got traded to lakers for Danny greenDennis Schröder
5%
going to join the wwe after nba careerenes kanter
2%

Score Distribution

Percentile by Number Answered

Percent of People with Each Score

Your Score History

You have not taken this quiz